000 00594nam a2200169Ia 4500
008 090711s9999 xx 000 0 und d
082 _b50728
100 _aकरंदीकर शं. दि.
245 _aपतिव्रता सावित्री
260 _bशंकर नरहर जोशी
_c1963
300 _a239
600 _aकरंदीकर शं. दि.
630 _aपतिव्रता सावित्री
700 _aकरंदीकर शं. दि.
730 _aपतिव्रता सावित्री
942 _cBOOK
999 _c325892
_d325892